El camino hacia la unión después del concilio
保存先:
| 第一著者: | |
|---|---|
| フォーマット: | 図書 |
| 言語: | スペイン語 |
| 出版事項: |
Barcelona
Edicions 62
1967
|
| 版: | 1a. ed |
| シリーズ: | Península
|
| 主題: | |
| タグ: |
タグ追加
タグなし, このレコードへの初めてのタグを付けませんか!
|
MARC
| LEADER | 00000nam a2200000 a 4500 | ||
|---|---|---|---|
| 001 | UCH8891 | ||
| 003 | CL-VaPUC | ||
| 008 | 091217e19670000SP |||||||||||||||||spa|d | ||
| 082 | 0 | 4 | |a 262.0011 |b BEA |2 21 |
| 100 | |a Bea, Agustin |e author |9 575639 | ||
| 245 | 1 | 3 | |a El camino hacia la unión después del concilio |
| 250 | |a 1a. ed | ||
| 300 | |a 308 p | ||
| 942 | |c BK | ||
| 945 | |d 20091217 00:00:00 |a rbrito | ||
| 260 | |a Barcelona |b Edicions 62 |c 1967 | ||
| 650 | 0 | |a Ecumenismo |9 255639 | |
| 650 | 0 | |a Eclesiología |9 366152 | |
| 583 | |a last modification |c 20091217 00:00:00 |k Rodrigo Vera | ||
| 490 | 0 | |a Península | |
| 999 | |c 338972 |d 338970 | ||
| 952 | |0 0 |1 0 |4 0 |6 262_001100000000000_BEA_1967 |7 0 |8 A |9 432284 |a BIBTEO |b BIBTEO |d 2019-11-22 |i 4611721 |o 262.0011 BEA 1967 |p 4611721 |r 2025-01-17 |w 2019-11-22 |y BK |k ICR | ||